| 000 | 01431nam0a2200373 4500 | ||
|---|---|---|---|
| 001 | RU\NLR\bibl\1283089 | ||
| 005 | 20250615141820.0 | ||
| 010 |
_a978-5-91180-518-0 _93000 |
||
| 021 |
_aRU _b2008-62531 _93539 |
||
| 035 | _a(NLR Aleph) 001268836 | ||
| 090 |
_a426015 _c426015 |
||
| 100 | _a20081010d2008 |||y0rusy50 ca | ||
| 101 | 1 |
_arus _ceng |
|
| 102 |
_aRU _aUA _aBY |
||
| 105 | _aa ||||||||| | ||
| 200 | 1 |
_aC# и платформа .NET 3.0 _fЭндрю Троелсен _g[пер. с англ. В. Щербинин] |
|
| 205 | _aСпец. изд. | ||
| 210 |
_aСанкт-Петербург [и др.] _cПитер _d2008 |
||
| 215 |
_a1456 с. _cил. _d24 |
||
| 300 | _aЗагл. и авт. ориг.: Pro C# .NET 3.0 / Andrew Troelsen | ||
| 320 | _aАлф. указ.: с. 1448-1456 | ||
| 454 | 0 |
_12001#$aPro C# .NET 3.0$fAndrew Troelsen _1700#1$aTroelsen$bA.$gAndrew$4070 _tPro C# .NET 3.0 _aTroelsen, Andrew |
|
| 606 | 0 |
_aC#, язык программирования _92206739 _3RU\NLR\auth\661325801 |
|
| 606 | 0 |
_aMICROSOFT .NET 3.0, операционная система _92502306 _3RU\NLR\auth\661484021 |
|
| 675 |
_a004.42 _v3 _zrus |
||
| 686 | _aЗ973.23-018.1 | ||
| 686 | _aЗ973.23-018.2 | ||
| 700 | 1 |
_aТроелсен _bЭ. _gЭндрю _4070 |
|
| 801 | 0 |
_aRU _bNLR _c20081010 _gRCR |
|
| 801 | 1 |
_aRU _bNLR _c20081010 |
|
| 942 | _cBOOK | ||
| 980 | _aNB | ||